Podaj stolicę państwa na podstawie flagi. - Statystyki

Ogólne statystyki
  • Ten quiz został rozwiązany 41 razy
  • Średni wynik to 15 z 16
Statystyki odpowiedzi
Obrazkowy Odpowiedź % Poprawnych
Tokio
100%
Warszawa
100%
Amsterdam
97%
Ateny
97%
Kopenhaga
97%
Paryż
97%
Waszyngton
97%
Ankara
95%
Lizbona
95%
Ottawa
95%
Canberra
92%
Meksyk
92%
Nowe Delhi
92%
Buenos aires
89%
Rijad
79%
Rabat
76%
Nie znaleziono quizów pasujących do podanych kryteriów
Rozkład punktacji
Procent ludzi z każdym wynikiem
Percentyl według liczby udzielonych odpowiedzi
Twoja historia wyników
Nie rozwiązałeś tego quizu